Marianela

Збережено в:
Бібліографічні деталі
Автор: Pérez Galdós, Benito (Автор)
Формат: Книга
Мова:Іспанська
Опубліковано: Santiago Colicheuque 1992
Редагування:1a. ed
Серія:Biblioteca Básica Universal
Предмети:
Теги: Додати тег
Немає тегів, Будьте першим, хто поставить тег для цього запису!

MARC

LEADER 00000nam a2200000 a 4500
001 UCH5563
003 CL-VaPUC
008 091014e19920000CL |||||||||||||||||spa|d
082 0 4 |a 863  |b PER  |2 21 
100 0 |a Pérez Galdós, Benito  |e author  |9 318144 
245 1 0 |a Marianela 
250 |a 1a. ed 
300 |a 79 p 
942 |c BK 
945 |d 20091014 00:00:00  |a ccalabra 
260 |a Santiago  |b Colicheuque  |c 1992 
650 0 |a Literatura  |9 259151 
650 0 |a Literatura española  |9 306261 
650 0 |a Novelas españolas  |9 265052 
650 0 |a Escritores españoles  |9 318145 
650 0 |a Cuentos  |9 308079 
650 0 |a Lectura  |9 307634 
651 0 |a España  |9 254926 
583 |a last modification  |c 20091014 00:00:00  |k Rodrigo Vera 
490 0 |a Biblioteca Básica Universal 
999 |c 336686  |d 336684